000 00474nam a2200193Ia 4500
003 OSt
005 20260423090845.0
020 _a0-03-049481-8
040 _cLC
050 _aQC 21.2 .M 37 1984
100 _aMARION, JERRY B.
245 0 _aPRINCIPLES OF PHYSICS
260 _aPHILADELPHIA,
_bSAUNDRES COLLEGE PUBLISHING,
_c1984,
300 _aXVii, 772 P,; ILL
500 _aINCLUDES INDEX
650 _aPHYSICS
700 _aHORNYAK, WILLIAM F
942 _cBK
_2lcc
999 _c181541
_d181541